Subcontracting (Record no. 121281)
[ view plain ]
| 000 -LEADER | |
|---|---|
| fixed length control field | 01632nam a22002897a 4500 |
| 001 - CONTROL NUMBER | |
| control field | 121281 |
| 008 - FIXED-LENGTH DATA ELEMENTS--GENERAL INFORMATION | |
| fixed length control field | 221221s2021 xxk|||||o|||| 00| 0 eng d |
| 020 ## - INTERNATIONAL STANDARD BOOK NUMBER | |
| ISBN | 9781783214150 |
| 041 ## - LANGUAGE CODE | |
| Language code of text/sound track or separate title | eng |
| 100 ## - MAIN ENTRY--PERSONAL NAME | |
| Personal author | Colin Fleming |
| 110 ## - MAIN ENTRY--CORPORATE NAME | |
| Corporate author | Royal Institution of Chartered Surveyors |
| 245 ## - TITLE STATEMENT | |
| Title | Subcontracting |
| Subtitle | RICS Guidance Note |
| Medium | [Electronic resource] |
| 250 ## - EDITION | |
| Edition statement | 1st Edition |
| 260 ## - PUBLICATION INFORMATION | |
| Place of publication | London, |
| Publisher | Royal Institution of Chartered Surveyors, |
| Date | April 2021 |
| 300 ## - PHYSICAL DESCRIPTION | |
| Physical description | 102p |
| 490 ## - SERIES TITLE | |
| Series statement | RICS Black Book |
| 490 ## - SERIES TITLE | |
| Series statement | RICS Guidance Note |
| 520 ## - ABSTRACT | |
| Abstract | In the context of a construction contract, a subcontractor is a person who agrees to perform some or all of the obligations that the main contractor is obliged to perform under a separate main contract with the employer.<br/><br/>This guidance note covers most issues that can arise as a result of subcontracting on a major project, but some of these issues will not arise on most smaller projects. It is necessarily limited in its content and focuses on subcontracting in the context of building and civil engineering projects in the UK, but not private finance initiative (PFI) projects. It does not cover the management of subcontractors on site, or the role of suppliers of materials or goods. |
| 650 ## - KEYWORDS | |
| Keywords | QUANTITY SURVEYING |
| 650 ## - KEYWORDS | |
| Keywords | CONSTRUCTION |
| 650 ## - KEYWORDS | |
| Keywords | CONSTRUCTION CONTRACTS |
| 651 ## - SUBJECT ADDED ENTRY--GEOGRAPHIC NAME | |
| Geographic name | United Kingdom |
| 690 ## - BROAD SUBJECT | |
| 9 (RLIN) | 6263 |
| Broad subject | Quantity surveying |
| 710 ## - ADDED CORPORATE NAME | |
| Added corporate author | Royal Institution of Chartered Surveyors |
| 856 ## - ONLINE RESOURCE | |
| Uniform Resource Identifier | <a href="https://www.rics.org/content/dam/ricsglobal/documents/standards/subcontracting_1st_edition.pdf">https://www.rics.org/content/dam/ricsglobal/documents/standards/subcontracting_1st_edition.pdf</a> |
| Public note | Available free on RICS.org |
| 942 ## - ADDED ENTRY ELEMENTS (KOHA) | |
| Suppress in OPAC | Do not suppress in OPAC |
| Lost status | Source of classification or shelving scheme | Damaged status | Not for loan | Current library | Date acquired | Total Checkouts | Date last seen | Price effective from | Koha item type |
|---|---|---|---|---|---|---|---|---|---|
| Dewey Decimal Classification | Virtual | 21/12/2022 | 25/04/2023 | 21/12/2022 | Online material |